01036nas a2200253 4500001001300000003000900013005001700022007000300039008003400042040005400076041000900130072000800139100002500147100001900172245010900191246009500300650001800395650002000413773011800433909004000551942001800591999001900609952015400628BR2011004600BR-BrBNA20231205115525.0ta230509b bl.|||p| |||| 00| 00por d aBR-BrBNAbporcBiblioteca Nacional de Agricultura a(Pt) aC101 aPfuetzenreiter, M.R.1 aWanzuita, C.M.1 aOs campos de atuação da Medicina Veterinária nos currículos dos cursos da região sul do Brasil1 aThe performance fields of Veterinary Medicine curricula in universities of southern Brazil aVETERINÁRIA aENSINO SUPERIOR0 tRevista de Ciências Agroveterinárias (Brazil)xISSN 1676-9732g(Jan-Jul 2007), v. 6(1) p. 44-53wBR2011004600 a202311bLúciac55dLúcia Elande 2AGRISn0cANA c214243d214243 002AGRIS4071a41918b41918cPeriódicos Agrícolash(Jan-Jul 2007), v. 6(1) p. 44-53l0r2023-11-29t01yCRePortaria Interministerial nº 164/94